|
|
|
|
| LEADER |
01527nam a2200289 a 4500 |
| 001 |
GR-Antirio732 |
| 008 |
090506s19922005gr b 001 0 gre d |
| 020 |
|
|
|a 0471745324
|
| 040 |
|
|
|a GrPaTEI
|b gre
|c GR-PaULI
|
| 040 |
|
|
|a GrPaTEI
|b gre
|c GR-PaULI
|
| 040 |
|
|
|a GrPaTEI
|b gre
|c GR-PaULI
|
| 082 |
|
0 |
|a 621.382
|2 22
|
| 100 |
0 |
|
|a VanderLugt, Anthony
|
| 245 |
1 |
0 |
|a Optical Signal Processing /
|c VanderLugt, Anthony.
|
| 260 |
|
|
|a Hoboken , N.J. :
|b Wiley-Interscience,
|c c 2005
|
| 300 |
|
|
|a xxi. , 604 σ. :
|b εικ. ;
|c 24 εκ.
|
| 490 |
0 |
|
|a Wiley series in pure and applied optics.
|
| 504 |
|
|
|a Περιλαμβάνει βιβλιογραφίες και ευρετήριο.
|
| 650 |
|
0 |
|a OPTICAL DATA PROCESSING
|
| 650 |
|
0 |
|a Signal processing
|
| 650 |
|
0 |
|a Signal processing
|x Digital techniques
|
| 942 |
|
|
|2 ddc
|
| 952 |
|
|
|0 0
|1 0
|2 ddc
|4 0
|6 621_382000000000000_VAN
|7 0
|9 262102
|a LISK-2
|b LISK-2
|c BSC
|d 2021-01-17
|e 24
|f 0
|g 0.00
|l 0
|o 621.382 VAN
|p 2430000007125
|r 2021-01-17 00:00:00
|t 1
|w 2021-01-17
|y BK15
|x 20090506 0 1
|x GrPaTEI - Antirrio
|
| 952 |
|
|
|0 0
|1 0
|2 ddc
|4 0
|6 621_382000000000000_VAN
|7 0
|9 262103
|a LISK-2
|b LISK-2
|c BSC
|d 2021-01-17
|e 24
|f 0
|g 0.00
|l 0
|o 621.382 VAN
|p 2430000007126
|r 2021-01-17 00:00:00
|t 1
|w 2021-01-17
|y BK15
|x 20090506 0 1
|x GrPaTEI - Antirrio
|
| 952 |
|
|
|0 0
|1 0
|2 ddc
|4 0
|6 621_382000000000000_VAN
|7 0
|9 262104
|a LISK-2
|b LISK-2
|c BSC
|d 2021-01-17
|e 24
|f 0
|g 0.00
|l 0
|o 621.382 VAN
|p 2430000007127
|r 2021-01-17 00:00:00
|t 1
|w 2021-01-17
|y BK15
|x 20090506 0 1
|x GrPaTEI - Antirrio
|
| 971 |
|
|
|a .b25705313
|b 01-10-20
|c 12-09-16
|
| 999 |
|
|
|c 151170
|d 151170
|